000 00324 a2200157 4500
001 58269
020 _a
040 _cAnchieta - Pituba
100 _aNóbrega, Francisco
240 1 0 _aTemos um pouco
_lpor
245 1 0 _aTemos um pouco
300 _a115
362 0 _a1984
650 4 _aFicção brasileira
942 _cBK
999 _c58269
_d58269